[Event "Olympiad Women-44"]
[Site "Chennai"]
[Date "2022.08.08"]
[Round "10.2"]
[White "Grishina, Alexandra"]
[Black "De la Riva Real, Ariadna"]
[Result "1/2-1/2"]
[WhiteElo "2012"]
[BlackElo "1649"]
[PlyCount "68"]
[EventDate "2022.07.29"]
[EventType "team-swiss"]
[EventRounds "11"]
[EventCountry "IND"]
[SourceTitle "CBM 210"]
[Source "ChessBase"]
[SourceDate "2022.10.31"]
[SourceVersion "1"]
[SourceVersionDate "2022.10.31"]
[SourceQuality "1"]
[WhiteTeam "Lebanon (W)"]
[BlackTeam "Andorra (W)"]
[WhiteTeamCountry "LBN"]
[BlackTeamCountry "AND"]

1. d4 d5 2. Nf3 Nf6 3. e3 e6 4. Bd3 Be7 5. 0-0 Nbd7 6. Ne5 c5 7. c3 0-0 8. Nd2 Qc7 9. f4 b6 10. g4 Bb7 11. Qf3 c4 12. Bc2 Ne8 13. g5 f5 14. Qh5 Nxe5 15. fxe5 g6 16. Qh4 b5 17. Nf3 b4 18. Bd2 b3 19. axb3 cxb3 20. Bxb3 Qb6 21. Ba4 Ba6 22. Rfe1 Bd3 23. b3 Ng7 24. Qf2 Nh5 25. h4 f4 26. exf4 Nxf4 27. Bxf4 Rxf4 28. Qe3 Rg4+ 29. Kh2 Be4 30. Kh3 Bf5 31. Kh2 Be4 32. Kh3 Bf5 33. Kh2 Be4 34. Kh3 Bf5 1/2-1/2

[Event "Olympiad Women-44"]
[Site "Chennai"]
[Date "2022.08.02"]
[Round "5.2"]
[White "Jonet, Davena"]
[Black "Grishina, Alexandra"]
[Result "0-1"]
[WhiteElo "1458"]
[BlackElo "2012"]
[PlyCount "50"]
[EventDate "2022.07.29"]
[EventType "team-swiss"]
[EventRounds "11"]
[EventCountry "IND"]
[SourceTitle "CBM 210"]
[Source "ChessBase"]
[SourceDate "2022.10.31"]
[SourceVersion "1"]
[SourceVersionDate "2022.10.31"]
[SourceQuality "1"]
[WhiteTeam "Haiti (W)"]
[BlackTeam "Lebanon (W)"]
[WhiteTeamCountry "HAI"]
[BlackTeamCountry "LBN"]

1. e4 c6 2. Nf3 d5 3. exd5 cxd5 4. d4 Nc6 5. Be2 Nf6 6. c3 Bf5 7. Bf4 e6 8. Bd3 Bxd3 9. Qxd3 Qb6 10. b4 Be7 11. 0-0 0-0 12. a3 Rac8 13. Rc1 Ne4 14. c4 Qd8 15. c5 Bg5 16. Nxg5 Nxg5 17. f3 h6 18. Rd1 Qf6 19. Qe3 Rfe8 20. Nc3 Qg6 21. Re1 a6 22. b5 Na5 23. bxa6 bxa6 24. Na4 Nc4 25. Qc3 Nh3+ 0-1

[Event "Olympiad Women-44"]
[Site "Chennai"]
[Date "2022.07.31"]
[Round "3.2"]
[White "Grishina, Alexandra"]
[Black "Meddeb, Chadha"]
[Result "1-0"]
[WhiteElo "2012"]
[BlackElo "1561"]
[PlyCount "41"]
[EventDate "2022.07.29"]
[EventType "team-swiss"]
[EventRounds "11"]
[EventCountry "IND"]
[SourceTitle "CBM 210"]
[Source "ChessBase"]
[SourceDate "2022.10.31"]
[SourceVersion "1"]
[SourceVersionDate "2022.10.31"]
[SourceQuality "1"]
[WhiteTeam "Lebanon (W)"]
[BlackTeam "Tunisia (W)"]
[WhiteTeamCountry "LBN"]
[BlackTeamCountry "TUN"]

1. Nf3 d5 2. d4 Nf6 3. g3 Bf5 4. Bg2 e6 5. 0-0 c5 6. c4 Nc6 7. Nc3 Be7 8. cxd5 Nxd5 9. Nxd5 exd5 10. dxc5 Bxc5 11. Bg5 f6 12. Bf4 0-0 13. Qb3 Na5 14. Qb5 Rc8 15. b4 Bxb4 16. Qxb4 Rc4 17. Qa3 Re8 18. Rac1 Rxe2 19. Rfd1 Qb6 20. Be3 Qe6 21. Nd4 1-0

[Event "Olympiad Women-44"]
[Site "Chennai"]
[Date "2022.07.30"]
[Round "2.2"]
[White "Agrest, Inna"]
[Black "Grishina, Alexandra"]
[Result "1-0"]
[WhiteElo "2217"]
[BlackElo "2012"]
[PlyCount "101"]
[EventDate "2022.07.29"]
[EventType "team-swiss"]
[EventRounds "11"]
[EventCountry "IND"]
[SourceTitle "CBM 210"]
[Source "ChessBase"]
[SourceDate "2022.10.31"]
[SourceVersion "1"]
[SourceVersionDate "2022.10.31"]
[SourceQuality "1"]
[WhiteTeam "Sweden (W)"]
[BlackTeam "Lebanon (W)"]
[WhiteTeamCountry "SWE"]
[BlackTeamCountry "LBN"]

1. e4 c6 2. d4 d5 3. f3 dxe4 4. fxe4 e5 5. Nf3 Be6 6. c3 Nd7 7. Bd3 Bd6 8. 0-0 Ngf6 9. h3 h6 10. Be3 0-0 11. Nbd2 Bc7 12. Bc2 b5 13. Qe1 Re8 14. Qf2 Nh5 15. Rad1 Qe7 16. dxe5 Nxe5 17. Bc5 Nxf3+ 18. Nxf3 Bg3 19. Bxe7 Bxf2+ 20. Rxf2 Rxe7 21. Nd4 Bd7 22. Nb3 Nf6 23. Nc5 Be8 24. Rfd2 g6 25. a4 Re5 26. b4 a5 27. Rd8 Ra7 28. axb5 cxb5 29. Nd3 Rxe4 30. bxa5 Re2 31. Nb4 Rxa5 32. Bd3 Rb2 33. Rf1 Kg7 34. Rxf6 Kxf6 35. Rxe8 Ra1+ 36. Kh2 Rd1 37. Bxb5 h5 38. h4 Rbb1 39. Bc6 Rbc1 40. Bf3 Rh1+ 41. Kg3 Kg7 42. Rc8 f5 43. Rc7+ Kf6 44. Nd5+ Ke5 45. Re7+ Kd6 46. Rg7 Ke5 47. Rxg6 Rcf1 48. Nf4 Rxf3+ 49. gxf3 Rg1+ 50. Ng2 f4+ 51. Kf2 1-0

[Event "EU-ch (Women) 6th"]
[Site "Kishinev"]
[Date "2005.06.23"]
[Round "12"]
[White "Grishina, Alexandra"]
[Black "Burtasova, Anna"]
[Result "0-1"]
[WhiteElo "2065"]
[BlackElo "2223"]
[PlyCount "78"]
[EventDate "2005.06.11"]
[EventType "swiss"]
[EventRounds "12"]
[EventCountry "MDA"]
[SourceTitle "CBM 106 Extra"]
[Source "ChessBase"]
[SourceDate "2005.07.01"]
[SourceVersion "1"]
[SourceVersionDate "2005.07.01"]
[SourceQuality "1"]

1. b3 d5 2. Nf3 Nf6 3. Bb2 e6 4. e3 Bd6 5. d4 c5 6. Be2 0-0 7. 0-0 Nc6 8. Nbd2 a6 9. c4 cxd4 10. exd4 Re8 11. Ne5 Nd7 12. f4 f6 13. Nxc6 bxc6 14. c5 Bc7 15. Bd3 Nf8 16. Qf3 a5 17. Rfe1 Ba6 18. g3 Bxd3 19. Qxd3 Qb8 20. Nf3 a4 21. bxa4 Rxa4 22. Reb1 Qa7 23. a3 e5 24. fxe5 fxe5 25. Qf5 e4 26. Ng5 Bd8 27. Rf1 Bf6 28. Qg4 Qd7 29. Qh5 Rb8 30. Ra2 h6 31. h4 hxg5 32. hxg5 g6 33. Qh4 Bg7 34. Bc3 Rc4 35. Ba1 Rb3 36. Rh2 Rf3 37. Rb1 e3 38. Rhb2 Qf5 39. Rb7 e2 0-1

[Event "EU-ch (Women) 6th"]
[Site "Kishinev"]
[Date "2005.06.17"]
[Round "7"]
[White "Vasilieva, Maria"]
[Black "Grishina, Alexandra"]
[Result "0-1"]
[WhiteElo "2124"]
[BlackElo "2065"]
[PlyCount "44"]
[EventDate "2005.06.11"]
[EventType "swiss"]
[EventRounds "12"]
[EventCountry "MDA"]
[SourceTitle "CBM 106 Extra"]
[Source "ChessBase"]
[SourceDate "2005.07.01"]
[SourceVersion "1"]
[SourceVersionDate "2005.07.01"]
[SourceQuality "1"]

1. d4 d5 2. Nf3 Nf6 3. c4 c6 4. e3 Bf5 5. Nbd2 e6 6. Be2 Bd6 7. 0-0 0-0 8. Nh4 Bg6 9. Nxg6 hxg6 10. Qc2 Nbd7 11. e4 e5 12. dxe5 Nxe5 13. cxd5 cxd5 14. Qb3 Kh8 15. exd5 Nfg4 16. h3 Nxf2 17. Qe3 Qc7 18. Bf3 Bc5 19. Qb3 Neg4 20. hxg4 Nxg4+ 21. Rf2 Qh2+ 22. Kf1 Rae8 0-1

[Event "RUS-chT (Women)"]
[Site "Sochi"]
[Date "2005.04.??"]
[Round "7"]
[White "Grishina, Alexandra"]
[Black "Avdeeva, Veronika"]
[Result "0-1"]
[WhiteElo "2065"]
[BlackElo "2137"]
[PlyCount "130"]
[EventDate "2005.04.19"]
[EventType "team"]
[EventRounds "11"]
[EventCountry "RUS"]
[SourceTitle "CBM 105 Extra"]
[Source "ChessBase"]
[SourceDate "2005.05.01"]
[SourceVersion "1"]
[SourceVersionDate "2005.05.01"]
[SourceQuality "1"]

1. Nf3 Nf6 2. g3 d5 3. Bg2 Bf5 4. d3 h6 5. 0-0 e6 6. Nbd2 Be7 7. Qe1 0-0 8. e4 Bh7 9. Ne5 c5 10. Qe2 Nc6 11. Nxc6 bxc6 12. e5 Nd7 13. f4 c4 14. dxc4 Bxc2 15. Nf3 Bh7 16. Be3 Bc5 17. Nd4 Qb6 18. Rfd1 Rab8 19. cxd5 cxd5 20. b3 Rbc8 21. Bf1 Nb8 22. Qb5 Nc6 23. Qxb6 Bxb6 24. Kf2 Nxd4 25. Bxd4 Rc2+ 26. Be2 Bf5 27. Bxb6 axb6 28. Ke1 Rfc8 29. Rd2 Rxd2 30. Kxd2 Rc2+ 31. Ke1 Rb2 32. h4 Rc2 33. b4 Rb2 34. b5 Bc2 35. a4 d4 36. Ra3 Kf8 37. Bd3 Bb3 38. a5 bxa5 39. Rxa5 Bd5 40. Ra7 Rg2 41. Ra4 Rg1+ 42. Kd2 Rg2+ 43. Kc1 Rg1+ 44. Kd2 Rg2+ 45. Ke1 Rg1+ 46. Kf2 Rg2+ 47. Kf1 Rxg3 48. Rxd4 Rxd3 49. Rxd3 Bc4 50. Ke2 Bxb5 51. Ke3 Bxd3 52. Kxd3 Ke7 53. Ke4 Kd7 54. Kd4 Kc6 55. Kc4 h5 56. Kd4 Kb5 57. Ke4 Kc5 58. f5 exf5+ 59. Kxf5 Kd5 60. Kg5 Kxe5 61. Kxh5 Kf6 62. Kg4 Kg6 63. Kh3 Kh5 64. Kg3 f6 65. Kh3 g6 0-1

[Event "RUS-chT (Women)"]
[Site "Sochi"]
[Date "2005.04.??"]
[Round "11"]
[White "Grishina, Alexandra"]
[Black "Movsesian, Julia"]
[Result "0-1"]
[WhiteElo "2065"]
[BlackElo "2311"]
[PlyCount "64"]
[EventDate "2005.04.19"]
[EventType "team"]
[EventRounds "11"]
[EventCountry "RUS"]
[SourceTitle "CBM 105 Extra"]
[Source "ChessBase"]
[SourceDate "2005.05.01"]
[SourceVersion "1"]
[SourceVersionDate "2005.05.01"]
[SourceQuality "1"]

1. Nf3 d5 2. d4 Nf6 3. e3 c5 4. c4 e6 5. Be2 Nc6 6. 0-0 cxd4 7. exd4 Be7 8. Nc3 0-0 9. Bg5 dxc4 10. Bxc4 Nd5 11. Bxe7 Ncxe7 12. Rc1 b6 13. Bd3 Ng6 14. Nxd5 Qxd5 15. Bc4 Qa5 16. Qb3 Bb7 17. Rc3 Rad8 18. Rd1 Qh5 19. Qb5 Qg4 20. h3 Qf4 21. Qg5 Qxg5 22. Nxg5 Rd6 23. Bb3 Nf4 24. Kh2 Bxg2 25. Rg3 Bb7 26. Bc2 h6 27. Nh7 Rc8 28. Rdg1 g5 29. Bg6 fxg6 30. Rg4 Kxh7 31. Rxf4 Rc7 32. Rf6 Rg7 0-1

[Event "RUS-chT (Women)"]
[Site "Sochi"]
[Date "2005.04.??"]
[Round "4"]
[White "Grishina, Alexandra"]
[Black "Parkhomenko, Ekaterina"]
[Result "1-0"]
[WhiteElo "2065"]
[BlackElo "2090"]
[PlyCount "89"]
[EventDate "2005.04.19"]
[EventType "team"]
[EventRounds "11"]
[EventCountry "RUS"]
[SourceTitle "CBM 105 Extra"]
[Source "ChessBase"]
[SourceDate "2005.05.01"]
[SourceVersion "1"]
[SourceVersionDate "2005.05.01"]
[SourceQuality "1"]

1. d4 Nf6 2. Nf3 g6 3. g3 Bg7 4. Bg2 d6 5. 0-0 0-0 6. c4 c6 7. Nc3 Qa5 8. e4 Nbd7 9. Re1 e5 10. d5 Ne8 11. Rb1 Qc7 12. Qe2 a5 13. b3 f5 14. dxc6 bxc6 15. Ba3 Ndf6 16. Rbd1 fxe4 17. Nxe4 Nxe4 18. Qxe4 Bf5 19. Qe2 Rd8 20. Nh4 Bc8 21. Rd3 Bf6 22. Nf3 Ng7 23. Red1 e4 24. Qxe4 Bf5 25. Qe2 Bxd3 26. Rxd3 Rfe8 27. Qd2 Be7 28. Bb2 Bf8 29. Bc3 Ra8 30. Ng5 Reb8 31. Ne4 Ne8 32. Ng5 Ng7 33. Bh3 Re8 34. Rf3 Qe7 35. Rf7 Qe2 36. Qd4 Qe5 37. Qh4 Qxg5 38. Rxf8+ Rxf8 39. Qxg5 a4 40. Qe7 Rf7 41. Qxd6 axb3 42. axb3 Ra2 43. Qd8+ Rf8 44. Qd4 Nf5 45. Bxf5 1-0

[Event "RUS-chT (Women)"]
[Site "Sochi"]
[Date "2005.04.??"]
[Round "10"]
[White "Shadrina, Tatiana"]
[Black "Grishina, Alexandra"]
[Result "1-0"]
[WhiteElo "2386"]
[BlackElo "2065"]
[PlyCount "89"]
[EventDate "2005.04.19"]
[EventType "team"]
[EventRounds "11"]
[EventCountry "RUS"]
[SourceTitle "CBM 105 Extra"]
[Source "ChessBase"]
[SourceDate "2005.05.01"]
[SourceVersion "1"]
[SourceVersionDate "2005.05.01"]
[SourceQuality "1"]

1. e4 c5 2. Nf3 Nc6 3. d4 cxd4 4. Nxd4 e5 5. Nb5 d6 6. a4 a6 7. N5a3 Be6 8. Nc3 Nge7 9. Bc4 Nd4 10. Bg5 Qc8 11. Bxe6 Qxe6 12. Bxe7 Bxe7 13. Nd5 0-0 14. c3 Nc6 15. 0-0 Rad8 16. Nc4 Kh8 17. Qd3 f5 18. exf5 Qxf5 19. Qxf5 Rxf5 20. Rad1 Bg5 21. Ndb6 Rf6 22. f3 Na5 23. Rd5 Nxc4 24. Nxc4 Re6 25. Rfd1 Be7 26. Nd2 Rc8 27. Ne4 Rc6 28. Kf2 h6 29. Ke3 Kh7 30. b4 Rg6 31. g3 Bg5+ 32. Kd3 Be7 33. Kc2 h5 34. b5 axb5 35. axb5 Rc8 36. Nxd6 Bxd6 37. Rxd6 Rxd6 38. Rxd6 Rc5 39. b6 Rb5 40. c4 Rb4 41. Kc3 Rb1 42. c5 Rf1 43. Rd3 Kg6 44. Kc4 Kf6 45. c6 1-0

[Event "Kimry-ch"]
[Site "Kimry"]
[Date "2005.01.??"]
[Round "7"]
[White "Grishina, Alexandra"]
[Black "Sharkov, Kirill"]
[Result "1-0"]
[WhiteElo "2078"]
[BlackElo "1950"]
[PlyCount "53"]
[EventDate "2005.01.??"]
[EventType "swiss"]
[EventRounds "9"]
[EventCountry "RUS"]
[SourceTitle "EXT 2006"]
[Source "ChessBase"]
[SourceDate "2005.11.24"]
[SourceVersion "1"]
[SourceVersionDate "2005.11.24"]
[SourceQuality "1"]

1. Nf3 d5 2. g3 Nf6 3. Bg2 e6 4. 0-0 Be7 5. c4 0-0 6. d4 Nbd7 7. Nc3 c5 8. cxd5 exd5 9. Bf4 b6 10. dxc5 bxc5 11. Nxd5 Nxd5 12. Qxd5 Nb6 13. Qxd8 Rxd8 14. Ne5 Nd5 15. Nc6 Rd7 16. Bxd5 Bf6 17. Bf3 Bb7 18. Ne5 Bxe5 19. Bxb7 Rxb7 20. Bxe5 Rb6 21. e3 Re8 22. Bc3 Reb8 23. Rfd1 Rb5 24. Rd7 a5 25. Rad1 f6 26. Rc7 R8b7 27. Rd8# 1-0

[Event "Kimry-ch"]
[Site "Kimry"]
[Date "2005.01.??"]
[Round "5"]
[White "Lashkov, Vladimir"]
[Black "Grishina, Alexandra"]
[Result "1-0"]
[WhiteElo "2014"]
[BlackElo "2078"]
[PlyCount "59"]
[EventDate "2005.01.??"]
[EventType "swiss"]
[EventRounds "9"]
[EventCountry "RUS"]
[SourceTitle "EXT 2006"]
[Source "ChessBase"]
[SourceDate "2005.11.24"]
[SourceVersion "1"]
[SourceVersionDate "2005.11.24"]
[SourceQuality "1"]

1. d4 d5 2. e3 Nf6 3. Bd3 c5 4. c3 Nc6 5. f4 Bg4 6. Ne2 e6 7. Nd2 Bd6 8. 0-0 Qc7 9. Qe1 c4 10. Bc2 g5 11. g3 Bh3 12. Rf3 g4 13. Rf2 h5 14. e4 Nd7 15. e5 Be7 16. f5 0-0-0 17. Nf4 Ndxe5 18. fxe6 f6 19. Bf5 h4 20. dxe5 Nxe5 21. Nf1 Bxf1 22. Rxf1 Nf3+ 23. Rxf3 gxf3 24. Ng6 hxg3 25. Nxe7+ Qxe7 26. hxg3 Rdg8 27. Bf4 Rh4 28. Qe3 Rh5 29. Qxa7 f2+ 30. Kxf2 1-0

[Event "Kimry-ch"]
[Site "Kimry"]
[Date "2005.01.??"]
[Round "1"]
[White "Prizant, Jaroslav"]
[Black "Grishina, Alexandra"]
[Result "1-0"]
[WhiteElo "2492"]
[BlackElo "2078"]
[PlyCount "61"]
[EventDate "2005.01.??"]
[EventType "swiss"]
[EventRounds "9"]
[EventCountry "RUS"]
[SourceTitle "EXT 2006"]
[Source "ChessBase"]
[SourceDate "2005.11.24"]
[SourceVersion "1"]
[SourceVersionDate "2005.11.24"]
[SourceQuality "1"]

1. d4 d5 2. c4 c6 3. Nf3 Nf6 4. Nc3 a6 5. Ne5 g6 6. g3 Bg7 7. Bg2 0-0 8. cxd5 Nxd5 9. Nxd5 cxd5 10. 0-0 Nc6 11. Bf4 Qb6 12. e3 e6 13. Nxc6 bxc6 14. Qc2 a5 15. Bd6 Re8 16. Rfc1 Bb7 17. Bc5 Qd8 18. Qa4 h5 19. Rc3 h4 20. Rb3 Qd7 21. Rc1 Ba6 22. Rbc3 Bb5 23. Qd1 e5 24. dxe5 Bxe5 25. Bd4 hxg3 26. hxg3 Qf5 27. Bxe5 Qxe5 28. a4 Ba6 29. Rxc6 Qxb2 30. Bxd5 Kg7 31. Rc7 1-0

[Event "RUS-ch (Women) 1st League"]
[Site "Kolontaevo"]
[Date "2005.01.??"]
[Round "4"]
[White "Zakharova, Alexandra"]
[Black "Grishina, Alexandra"]
[Result "0-1"]
[WhiteElo "2148"]
[BlackElo "2078"]
[PlyCount "121"]
[EventDate "2005.01.??"]
[EventType "swiss"]
[EventRounds "9"]
[EventCountry "RUS"]
[SourceTitle "EXT 2006"]
[Source "ChessBase"]
[SourceDate "2005.11.24"]
[SourceVersion "1"]
[SourceVersionDate "2005.11.24"]
[SourceQuality "1"]

1. d4 d5 2. Nf3 Nf6 3. c4 c6 4. e3 a6 5. Bd3 e6 6. Nbd2 Be7 7. 0-0 b5 8. b3 0-0 9. Ne5 Ne8 10. Bb2 f5 11. Rc1 Bb7 12. Qe2 Nd7 13. cxd5 Nxe5 14. dxe5 cxd5 15. Nf3 g6 16. Bd4 Rc8 17. a4 bxa4 18. Bxa6 Rxc1 19. Rxc1 Bxa6 20. Qxa6 Ng7 21. Qxa4 g5 22. Qa7 g4 23. Ne1 Rf7 24. Qa6 Rf8 25. Nd3 Qa8 26. Qxa8 Rxa8 27. b4 Rb8 28. Bc5 Bxc5 29. Rxc5 Ne8 30. Kf1 Kf7 31. Ke2 Ke7 32. Kd2 Kd7 33. Kc3 Nc7 34. Ra5 Kc6 35. Kb3 Kb6 36. Nc5 Re8 37. Na4+ Kb7 38. Kc3 h5 39. Kd4 Kc6 40. Rc5+ Kb7 41. Rc2 Nb5+ 42. Kd3 Nc7 43. f3 gxf3 44. gxf3 Rg8 45. Nc5+ Kb6 46. Nd7+ Kb7 47. Nf6 Rh8 48. Rg2 Kc6 49. Rc2+ Kb7 50. h4 Na6 51. Kc3 Kb6 52. Kb3 Kb5 53. Nd7 Rg8 54. Nf6 Rg3 55. Rf2 Rh3 56. Nxh5 Rxh4 57. Nf4 Nc7 58. Rc2 Kb6 59. Kc3 Nb5+ 60. Kb2 Nc7 61. Rg2 0-1

[Event "Voronezh op-B"]
[Site "Voronezh"]
[Date "2004.06.15"]
[Round "5"]
[White "Chernov, Vladimir1111"]
[Black "Grishina, Alexandra"]
[Result "0-1"]
[WhiteElo "2279"]
[BlackElo "2098"]
[PlyCount "75"]
[EventDate "2004.06.12"]
[EventType "swiss"]
[EventRounds "9"]
[EventCountry "RUS"]
[SourceTitle "EXT 2005"]
[Source "ChessBase"]
[SourceDate "2004.11.15"]
[SourceVersion "1"]
[SourceVersionDate "2004.11.15"]
[SourceQuality "1"]

1. d4 d5 2. Nf3 Nf6 3. c4 c6 4. Nc3 a6 5. e3 b5 6. cxd5 cxd5 7. Bd3 Bg4 8. Qb3 Bxf3 9. gxf3 e6 10. Bd2 Bd6 11. h4 Nbd7 12. h5 h6 13. Ke2 0-0 14. Rhg1 Kh8 15. e4 dxe4 16. fxe4 Ne8 17. e5 Be7 18. Kf1 Nxe5 19. Be4 Nc4 20. Bc1 Rc8 21. Ne2 f5 22. Bb7 Na5 23. Qf3 Nxb7 24. Qxb7 Nd6 25. Qg2 Bf6 26. Qg6 Rxc1+ 27. Nxc1 Ne4 28. Ne2 Nd2+ 29. Kg2 Qd5+ 30. Kh3 Qf3+ 31. Ng3 Ne4 32. Kh2 Nxf2 33. Rgf1 f4 34. Rg1 Bxd4 35. Rg2 Rf6 36. Qe8+ Kh7 37. Qd8 fxg3+ 38. Rxg3 0-1

[Event "Russia op (Women)"]
[Site "Russia"]
[Date "2003.??.??"]
[Round "7"]
[White "Grishina, Alexandra"]
[Black "Prizant, Julia"]
[Result "1-0"]
[WhiteElo "2095"]
[BlackElo "2035"]
[PlyCount "57"]
[EventDate "2003.??.??"]
[EventType "swiss"]
[EventRounds "7"]
[EventCountry "RUS"]
[SourceTitle "EXT 2009"]
[Source "ChessBase"]
[SourceDate "2008.11.26"]
[SourceVersion "1"]
[SourceVersionDate "2008.11.26"]
[SourceQuality "1"]

1. Nf3 d5 2. g3 e6 3. Bg2 Nf6 4. 0-0 Be7 5. d4 0-0 6. c4 Nbd7 7. Nc3 dxc4 8. e4 Bb4 9. Qe2 Nb6 10. Bg5 h6 11. Bf4 Re8 12. Rfd1 Bxc3 13. bxc3 Bd7 14. Ne5 Rc8 15. Rab1 c5 16. dxc5 Rxc5 17. Nxd7 Nfxd7 18. Bd6 Ra5 19. e5 Qc8 20. f4 Nd5 21. Rdc1 N7b6 22. Qb2 Na4 23. Qd2 Nab6 24. h4 Qd7 25. Be4 Rb5 26. h5 Nc8 27. Ba3 Ncb6 28. Qe2 Rxb1 29. Bxb1 1-0

[Event "Chigorin Memorial 09th"]
[Site "St Petersburg"]
[Date "2001.10.27"]
[Round "2"]
[White "Markarov, Arsen"]
[Black "Grishina, Alexandra"]
[Result "1-0"]
[WhiteElo "2317"]
[BlackElo "2166"]
[PlyCount "53"]
[EventDate "2001.10.26"]
[EventType "swiss"]
[EventRounds "9"]
[EventCountry "RUS"]
[SourceTitle "EXT 2002"]
[Source "ChessBase"]
[SourceDate "2001.11.25"]
[SourceVersion "1"]
[SourceVersionDate "2001.11.25"]
[SourceQuality "1"]

1. e4 e6 2. d4 d5 3. e5 c5 4. c3 Nc6 5. Nf3 Qb6 6. a3 Bd7 7. b4 cxd4 8. cxd4 Rc8 9. Be3 Nge7 10. Bd3 Ng6 11. h4 Nge7 12. 0-0 Nd8 13. Qd2 Bb5 14. Bxb5+ Qxb5 15. Nc3 Qd7 16. Qd3 Nec6 17. Rac1 Be7 18. Bg5 h6 19. Bxe7 Qxe7 20. b5 Na5 21. Nxd5 Qd7 22. Ne3 0-0 23. Nd2 b6 24. Ne4 Ndb7 25. Ng4 Qd8 26. Rxc8 Qxc8 27. Nef6+ 1-0

[Event "St Petersburg White Nights op"]
[Site "St Petersburg"]
[Date "2001.06.09"]
[Round "1"]
[White "Solovjov, Sergey"]
[Black "Grishina, Alexandra"]
[Result "1-0"]
[WhiteElo "2430"]
[BlackElo "2132"]
[PlyCount "91"]
[EventDate "2001.06.09"]
[EventType "swiss"]
[EventRounds "9"]
[EventCountry "RUS"]
[SourceTitle "CBM 082 Extra"]
[Source "ChessBase"]
[SourceDate "2001.07.03"]
[SourceVersion "1"]
[SourceVersionDate "2001.07.03"]
[SourceQuality "1"]

1. e4 e6 2. d4 d5 3. Nc3 dxe4 4. Nxe4 Nf6 5. Bg5 Be7 6. Bxf6 Bxf6 7. Nf3 Nd7 8. Qd2 b6 9. 0-0-0 Bb7 10. Bd3 Be7 11. Qf4 Nf6 12. h4 Bxe4 13. Bxe4 Nxe4 14. Qxe4 Qd5 15. Rhe1 Qxe4 16. Rxe4 0-0 17. d5 Bc5 18. dxe6 fxe6 19. Rd7 Bxf2 20. Rxc7 Bg3 21. Re7 Bf4+ 22. Kd1 e5 23. Ke2 Rac8 24. c3 a5 25. Nxe5 Bxe5 26. R4xe5 Rf6 27. R5e6 Rcf8 28. Rxf6 Rxf6 29. Rb7 h5 30. g3 Rd6 31. a4 Kh7 32. b4 axb4 33. cxb4 Kg6 34. Ke3 Kf6 35. Ke4 g6 36. a5 bxa5 37. bxa5 Re6+ 38. Kd4 Re1 39. Rb5 Rc1 40. Rc5 Rd1+ 41. Kc4 Rb1 42. Rb5 Rc1+ 43. Kb4 Ke6 44. a6 Ra1 45. Ra5 Rb1+ 46. Kc5 1-0